Digital signal processing : (Record no. 159095)

MARC details
000 -LEADER
fixed length control field 00941cam a2200289 a 4500
008 - FIXED-LENGTH DATA ELEMENTS--GENERAL INFORMATION
fixed length control field
020 ## - INTERNATIONAL STANDARD BOOK NUMBER
International Standard Book Number 020154413X (hbk.)
049 ## - LOCAL HOLDINGS (OCLC)
Holding library MAIN
090 ## - LOCALLY ASSIGNED LC-TYPE CALL NUMBER (OCLC); LOCAL CALL NUMBER (RLIN)
Classification number (OCLC) (R) ; Classification number, CALL (RLIN) (NR) TK5102
Local cutter number (OCLC) ; Book number/undivided call number, CALL (RLIN) IFE
003 - CONTROL NUMBER IDENTIFIER
control field
005 - DATE AND TIME OF LATEST TRANSACTION
control field 20230123134039.0
040 ## - CATALOGING SOURCE
Transcribing agency NUST
100 1# - MAIN ENTRY--PERSONAL NAME
Personal name Ifeachor, Emmanuel C.
245 10 - TITLE STATEMENT
Title Digital signal processing :
Remainder of title a practical approach /
Statement of responsibility, etc. Emmanuel C. Ifeachor, Barrie W. Jervis.
260 ## - PUBLICATION, DISTRIBUTION, ETC.
Place of publication, distribution, etc. Wokingham :
Name of publisher, distributor, etc. Addison-Wesley,
Date of publication, distribution, etc. 1993
300 ## - PHYSICAL DESCRIPTION
Extent xxiii, 760 p. :
Other physical details ill. ;
Dimensions 25 cm.
440 #0 - SERIES STATEMENT/ADDED ENTRY--TITLE
Title Electronic systems engineering series
500 ## - GENERAL NOTE
General note Includes index.
504 ## - BIBLIOGRAPHY, ETC. NOTE
Bibliography, etc. note Includes bibliographical references.
650 #0 - SUBJECT ADDED ENTRY--TOPICAL TERM
Topical term or geographic name entry element Signal processing
General subdivision Digital techniques.
650 #0 - SUBJECT ADDED ENTRY--TOPICAL TERM
Topical term or geographic name entry element Digital filters (Mathematics)
650 #0 - SUBJECT ADDED ENTRY--TOPICAL TERM
Topical term or geographic name entry element Adaptive signal processing.
650 0# - SUBJECT ADDED ENTRY--TOPICAL TERM
Topical term or geographic name entry element Signals
General subdivision Processing
700 1# - ADDED ENTRY--PERSONAL NAME
Personal name Jervis, Barrie W.
907 ## - LOCAL DATA ELEMENT G, LDG (RLIN)
a .b10026824
b 28-07-16
c 17-04-03
942 ## - ADDED ENTRY ELEMENTS (KOHA)
Koha item type Ordinary Loan Books
Call number prefix TK5102
Call number suffix IFE
Holdings
Date last seen Total Checkouts Full call number Barcode Cost, replacement price Price effective from Koha item type Lost status Source of classification or shelving scheme Damaged status Not for loan Collection Withdrawn status Home library Current library Shelving location Date acquired Cost, normal purchase price
01/23/2023 35 TK5102 IFE 92003036282 80.00 01/23/2023 BOOKS   LCC     NFIC   MAIN MAIN GEN 01/23/2023 80.00